[Event "EYCC Open-U16 2019"]
[Site "Bratislava"]
[Date "2019.08.03"]
[Round "2.1"]
[White "Sjoberg, Isak"]
[Black "Kacharava, Nikolozi"]
[Result "1/2-1/2"]
[WhiteElo "2182"]
[BlackElo "2431"]
[Annotator "NA"]
[PlyCount "42"]
[EventDate "2019.08.02"]
[EventType "swiss"]
[EventCountry "SVK"]
[SourceTitle "playchess.com"]
[Source "ChessBase"]
[SourceQuality "1"]
[TimeControl "40/5400+30:1800+30"]

1. e4 {[%emt 0:00:00]} c5 {[%emt 0:00:03]} 2. Nf3 {[%emt 0:01:25]} d6 {[%emt 0:00:31]} 3. d4 {[%emt 0:00:53]} cxd4 {[%emt 0:01:00]} 4. Qxd4 {[%emt 0:01:39]} Nf6 {[%emt 0:01:20]} 5. Nc3 {[%emt 0:01:58]} a6 {[%emt 0:00:52]} 6. e5 {[%emt 0:01:12]} Nc6 {[%emt 0:01:05]} 7. Qa4 {[%emt 0:00:38]} Ng4 {[%emt 0:01:51]} 8. exd6 {[%emt 0:03:26]} Qb6 {[%emt 0:00:39]} 9. Nd5 {[%emt 0:15:05]} Qxf2+ {[%emt 0:03:25]} 10. Kd1 {[%emt 0:00:14]} Bf5 {[%emt 0:20:46]} 11. h3 {[%emt 0:19:59]} b5 {[%emt 0:05:41]} 12. Bxb5 {[%emt 0:05:06]} axb5 {[%emt 0:04:00]} 13. Qxa8+ {[%emt 0:00:08]} Kd7 {[%emt 0:10:59]} 14. Nb6+ {[%emt 0:10:24]} Qxb6 {[%emt 0:18:14]} 15. hxg4 {[%emt 0:00:09]} Bxg4 {[%emt 0:03:06]} 16. dxe7 {[%emt 0:14:13]} Bxe7 {[%emt 0:08:40]} 17. Qxh8 {[%emt 0:00:05]} Qf2 {[%emt 0:01:36]} 18. Qxh7 {[%emt 0:03:03]} Qxg2 {[%emt 0:03:06]} 19. Qd3+ {[%emt 0:00:35]} Bd6 {[%emt 0:05:01]} 20. Rf1 {[%emt 0:00:05]} Nd4 {[%emt 0:02:49]} 21. Bf4 {[%emt 0:04:26]} Bc5 1/2-1/2

[Event "EYCC Open-U16 2019"]
[Site "Bratislava"]
[Date "2019.08.03"]
[Round "2.2"]
[White "Teclaf, Pawel"]
[Black "Carlsson, Ludvig"]
[Result "1-0"]
[WhiteElo "2454"]
[BlackElo "2218"]
[Annotator "ChessBase"]
[PlyCount "83"]
[EventDate "2019.08.02"]
[EventType "swiss"]
[EventCountry "SVK"]
[SourceTitle "playchess.com"]
[Source "ChessBase"]
[SourceQuality "1"]
[TimeControl "40/5400+30:1800+30"]

1. e4 {[%emt 0:00:00]} c5 {[%emt 0:00:00]} 2. Nf3 {[%emt 0:00:00]} d6 {[%emt 0:00:02]} 3. d4 {[%emt 0:01:59]} cxd4 {[%emt 0:00:12]} 4. Nxd4 {[%emt 0:00:03]} Nf6 {[%emt 0:00:14]} 5. Nc3 {[%emt 0:00:04]} Nc6 {[%emt 0:00:09]} 6. Bc4 {[%emt 0:01:42]} e6 {[%emt 0:00:14]} 7. Bb3 {[%emt 0:01:43]} a6 {[%emt 0:00:49]} 8. Be3 {[%emt 0:01:27]} Qc7 {[%emt 0:00:32]} 9. f4 {[%emt 0:11:29]} Na5 {[%emt 0:00:27]} 10. f5 {[%emt 0:14:30]} e5 {[%emt 0:04:46]} 11. Nde2 {[%emt 0:05:32]} Nxb3 {[%emt 0:01:03]} 12. axb3 {[%emt 0:05:45]} b5 {[%emt 0:00:27]} 13. O-O {[%emt 0:12:04]} Bb7 {[%emt 0:02:14]} 14. Nd5 {[%emt 0:04:20]} Bxd5 {[%emt 0:04:25]} 15. exd5 {[%emt 0:00:01]} Be7 {[%emt 0:00:54]} 16. Ng3 {[%emt 0:03:55]} Qb7 {[%emt 0:10:18]} 17. c4 {[%emt 0:03:53]} O-O {[%emt 0:00:10]} 18. Bg5 {[%emt 0:02:22]} bxc4 {[%emt 0:10:18]} 19. bxc4 {[%emt 0:00:30]} Qxb2 {[%emt 0:01:08]} 20. Bxf6 {[%emt 0:03:02]} Bxf6 {[%emt 0:00:06]} 21. Ne4 {[%emt 0:00:40]} Qb6+ {[%emt 0:00:47]} 22. Kh1 {[%emt 0:02:01]} Qd8 {[%emt 0:00:36]} 23. Ra3 {[%emt 0:03:05]} Rc8 {[%emt 0:07:26]} 24. Qe2 {[%emt 0:04:11]} a5 {[%emt 0:03:24]} 25. Rfa1 {[%emt 0:00:55]} Qd7 {[%emt 0:02:52]} 26. Nxf6+ {[%emt 0:02:20]} gxf6 {[%emt 0:00:11]} 27. Qh5 {[%emt 0:00:03]} Rfd8 {[%emt 0:03:35]} 28. Qh6 {[%emt 0:00:16]} Qxf5 {[%emt 0:02:52]} 29. Rg3+ {[%emt 0:00:01]} Qg6 {[%emt 0:00:12]} 30. Rxg6+ {[%emt 0:00:49]} fxg6 {[%emt 0:00:09]} 31. Rxa5 {[%emt 0:00:39]} Rd7 {[%emt 0:00:41]} 32. h4 {[%emt 0:01:18]} Rg7 {[%emt 0:01:29]} 33. Ra6 {[%emt 0:00:32]} Rd8 {[%emt 0:02:06]} 34. h5 {[%emt 0:00:45]} Rdd7 {[%emt 0:01:27]} 35. Ra8+ {[%emt 0:00:38]} Kf7 {[%emt 0:00:10]} 36. Rh8 {[%emt 0:00:24]} g5 {[%emt 0:01:46]} 37. Rxh7 {[%emt 0:00:10]} Kg8 {[%emt 0:00:04]} 38. Rxg7+ {[%emt 0:00:10]} Rxg7 {[%emt 0:00:07]} 39. Qxf6 {[%emt 0:00:02]} g4 {[%emt 0:00:09]} 40. Qxd6 {[%emt 0:00:00]} g3 {[%emt 0:00:00]} 41. Qxe5 {[%emt 0:00:19]} Rf7 {[%emt 0:00:49]} 42. Qxg3+ {[%emt 0:00:01]} 1-0

[Event "EYCC Open-U16 2019"]
[Site "Bratislava"]
[Date "2019.08.03"]
[Round "2.3"]
[White "Briem, Stephan"]
[Black "Horvath, Dominik"]
[Result "0-1"]
[WhiteElo "2223"]
[BlackElo "2424"]
[Annotator "NA"]
[PlyCount "74"]
[EventDate "2019.08.02"]
[EventType "swiss"]
[EventCountry "SVK"]
[SourceTitle "playchess.com"]
[Source "ChessBase"]
[SourceQuality "1"]
[TimeControl "40/5400+30:1800+30"]

1. d4 {[%emt 0:00:00]} Nf6 {[%emt 0:00:00]} 2. Nf3 {[%emt 0:00:00]} d5 {[%emt 0:00:00]} 3. c4 {[%emt 0:00:00]} e6 {[%emt 0:00:02]} 4. e3 {[%emt 0:00:02]} a6 {[%emt 0:00:57]} 5. a3 {[%emt 0:02:19]} c5 {[%emt 0:04:19]} 6. dxc5 {[%emt 0:00:15]} Bxc5 {[%emt 0:00:04]} 7. b4 {[%emt 0:00:17]} Bb6 {[%emt 0:00:07]} 8. Bb2 {[%emt 0:01:43]} O-O {[%emt 0:00:19]} 9. Nbd2 {[%emt 0:06:51]} Nc6 {[%emt 0:01:20]} 10. cxd5 {[%emt 0:06:20]} exd5 {[%emt 0:00:10]} 11. Nb3 {[%emt 0:01:52]} Re8 {[%emt 0:07:24]} 12. Be2 {[%emt 0:03:07]} Ne4 {[%emt 0:08:31]} 13. Nbd4 {[%emt 0:06:18]} Qf6 {[%emt 0:02:03]} 14. O-O {[%emt 0:06:28]} Qg6 {[%emt 0:03:29]} 15. Nxc6 {[%emt 0:10:39]} bxc6 {[%emt 0:00:41]} 16. Nd4 {[%emt 0:11:35]} Bc7 {[%emt 0:00:52]} 17. Bf3 {[%emt 0:04:24]} Bh3 {[%emt 0:04:33]} 18. Ne2 {[%emt 0:03:32]} Ng5 {[%emt 0:17:06]} 19. Nf4 {[%emt 0:02:59]} Bxf4 {[%emt 0:14:11]} 20. exf4 {[%emt 0:00:16]} Nxf3+ {[%emt 0:05:00]} 21. Qxf3 {[%emt 0:00:08]} Bg4 {[%emt 0:00:06]} 22. Qc3 {[%emt 0:06:39]} Re2 {[%emt 0:05:30]} 23. Rfe1 {[%emt 0:04:47]} Rae8 {[%emt 0:00:11]} 24. Rxe2 {[%emt 0:04:22]} Rxe2 {[%emt 0:00:08]} 25. Re1 {[%emt 0:07:32]} Bf3 {[%emt 0:03:09]} 26. g3 {[%emt 0:00:17]} d4 {[%emt 0:00:12]} 27. Qd2 {[%emt 0:05:28]} Qe4 {[%emt 0:01:22]} 28. Rxe2 {[%emt 0:00:16]} Bxe2 {[%emt 0:00:03]} 29. Qe1 {[%emt 0:02:21]} d3 {[%emt 0:01:17]} 30. Qc3 {[%emt 0:02:09]} f6 {[%emt 0:00:23]} 31. Qb3+ {[%emt 0:00:35]} Kf8 {[%emt 0:00:09]} 32. Bc1 {[%emt 0:00:56]} Bg4 {[%emt 0:00:38]} 33. Be3 {[%emt 0:01:16]} Qxe3 {[%emt 0:00:44]} 34. fxe3 {[%emt 0:00:44]} d2 {[%emt 0:00:03]} 35. Kf2 {[%emt 0:00:31]} d1=Q {[%emt 0:00:07]} 36. Qc3 {[%emt 0:00:18]} Qe2+ {[%emt 0:00:15]} 37. Kg1 {[%emt 0:00:12]} Bf3 {[%emt 0:00:08]} 0-1

[Event "EYCC Open-U16 2019"]
[Site "Bratislava"]
[Date "2019.08.03"]
[Round "2.4"]
[White "Stoyanov, Tsvetan"]
[Black "Ivanovic, Marko"]
[Result "1/2-1/2"]
[WhiteElo "2387"]
[BlackElo "2267"]
[Annotator "TA"]
[PlyCount "108"]
[EventDate "2019.08.02"]
[EventType "swiss"]
[EventCountry "SVK"]
[SourceTitle "playchess.com"]
[Source "ChessBase"]
[SourceQuality "1"]

{[%evp 9,108,39,47,45,45,39,61,35,46,29,27,0,0,0,17,3,17,0,23,-15,-6,-6,-6,-36,-1,0,0,-9,-13,-74,-82,-93,-78,-169,-159,-274,-115,-120,-104,-110,-132,-112,0,0,0,0,-8,-33,0,0,0,0,0,-23,0,0,0,-44,-39,-39,-31,-16,0,0,92,79,90,42,116,79,115,97,110,26,35,10,87,26,37,26,26,26,26,26,45,29,37,38,38,38,67,67,73,8,60,60,60,0,0,0,8]} 1. e4 e5 2. Bc4 Nc6 3. Nf3 g6 4. h4 (4. d4 exd4 5. c3 d3 6. O-O d6 7. Qb3 Qd7 8. Ng5 Nh6 9. Bxd3 Bg7 10. f4 O-O 11. Na3 Ng4 12. Bd2 b6 {½-½ (54) Van Kampen,R (2643)-Granda Zuniga,J (2662) Linares 2017}) 4... h6 $146 ({Predecessor:} 4... Nf6 5. Ng5 d5 6. exd5 Na5 7. Bb5+ c6 8. dxc6 bxc6 9. Qf3 Bd7 10. Ba4 Be7 11. h5 Bg4 {1-0 (35) Franck,B (2087)-Nyberg,D (1971) Brest 2012}) 5. h5 g5 6. d4 {C50: Hungarian Defence and Giuoco Pianissimo} exd4 7. Nxd4 d6 8. Nxc6 {White is slightly better.} (8. Nc3 {with more complications.} Nge7 9. Be3 Bg7 10. Qd2 Ne5 11. Bb3) 8... bxc6 9. Nc3 Bg7 10. Be3 (10. f4 {feels hotter.} Qe7 11. Qf3 Rb8 12. Bb3 g4 13. Qe3) 10... Qe7 11. Qd2 Be6 12. Be2 Nf6 13. f3 Rb8 14. Rb1 O-O 15. Bxg5 $1 hxg5 16. h6 Nd7 {...Be5 is the strong threat.} (16... Nxe4 $5 17. Nxe4 Be5 $15) 17. hxg7 Kxg7 18. Kf2 Rh8 19. Qd4+ (19. b3 $11) 19... Ne5 $1 $17 20. Rxh8 Rxh8 21. Qe3 (21. Rg1 $17 {was worth a try.}) 21... Qf6 $1 $19 {aiming for ...Ng4+.} 22. Qd2 (22. Kg1 $17 {is a better defense.}) 22... g4 (22... Rh2 $19 23. Rf1 Bh3) 23. Rg1 $17 Kf8 24. f4 {[#]} g3+ $1 {[%mdl 512]} 25. Ke1 {[#]} (25. Kxg3 Qh4#) 25... Ng6 ({Black should try} 25... Rh4 $1 $17 26. f5 Bc4) 26. f5 $1 $36 {[%mdl 2048] Black must now prevent Qe3. Black is under pressure.} Ne5 27. Qe3 Bc4 28. Qxg3 Bxe2 29. Nxe2 Rh4 30. Qe3 $1 c5 31. b3 Nc6 32. Kd2 Qe5 33. g4 Rh2 {Hoping for ...Qb2.} 34. c3 {[#]} c4 $1 {[%mdl 512] Strongly threatening ...Qa5.} 35. Qg3 (35. bxc4 Qa5) 35... cxb3 36. axb3 d5 (36... Qh8 $11) 37. Qxe5 $16 Nxe5 {[%mdl 4096] Endgame KRN-KRN} 38. Ke3 dxe4 ({Better is} 38... Rh3+ $1 $14 39. Ng3 Nxg4+ 40. Kf3 Nf6) 39. Nf4 Nf3 40. Ra1 Rc2 41. Kxe4 (41. c4 $16) 41... Rxc3 $11 42. Rxa7 {Threatens to win with Ra8+.} Kg7 {[#]} (42... Nd2+ $11 {keeps the balance.} 43. Kd4 Rxb3) 43. Nd5 (43. f6+ $1 $16 Kh6 44. b4) 43... Ng5+ 44. Kf4 Nh3+ 45. Ke5 Rxb3 46. Rxc7 Ng5 47. Rd7 Rb5 48. Kf4 Nh3+ 49. Kg3 Rb3+ 50. Kh4 {And now f6+ would win.} Nf2 51. f6+ (51. Re7 $16) 51... Kh6 (51... Kg6 $11 52. Nf4+ Kxf6) 52. Nf4 $1 $14 Ne4 $1 53. Rxf7 (53. Rd5 $1 $14 Nxf6 54. g5+ Kg7 55. gxf6+ Kxf6 56. Kh5) 53... Rf3 $11 54. Ne6 Kg6 {Accuracy: White = 39%, Black = 40%.} 1/2-1/2

[Event "EYCC Open-U16 2019"]
[Site "Bratislava"]
[Date "2019.08.03"]
[Round "2.5"]
[White "Bin-Suhayl, Ieysaa"]
[Black "Svane, Frederik"]
[Result "1/2-1/2"]
[WhiteElo "2084"]
[BlackElo "2334"]
[Annotator "NA"]
[PlyCount "85"]
[EventDate "2019.08.02"]
[EventType "swiss"]
[EventCountry "SVK"]
[SourceTitle "playchess.com"]
[Source "ChessBase"]
[SourceQuality "1"]
[TimeControl "40/5400+30:1800+30"]

1. Nf3 {[%emt 0:00:00]} Nf6 {[%emt 0:00:00]} 2. c4 {[%emt 0:00:00]} g6 {[%emt 0:00:00]} 3. g3 {[%emt 0:00:00]} Bg7 {[%emt 0:00:00]} 4. Bg2 {[%emt 0:00:00]} c6 {[%emt 0:00:15]} 5. d4 {[%emt 0:01:21]} O-O {[%emt 0:00:21]} 6. O-O {[%emt 0:00:12]} d5 {[%emt 0:00:06]} 7. cxd5 {[%emt 0:00:40]} cxd5 {[%emt 0:00:08]} 8. Nc3 {[%emt 0:03:00]} Ne4 {[%emt 0:01:19]} 9. Ne5 {[%emt 0:14:40]} Nxc3 {[%emt 0:00:28]} 10. bxc3 {[%emt 0:00:02]} Nc6 {[%emt 0:00:10]} 11. Nxc6 {[%emt 0:00:06]} bxc6 {[%emt 0:00:09]} 12. Ba3 {[%emt 0:08:22]} Ba6 {[%emt 0:03:02]} 13. Re1 {[%emt 0:00:55]} Re8 {[%emt 0:00:33]} 14. e4 e6 {[%emt 0:00:09]} 15. Qc2 {[%emt 0:25:53]} Bf8 {[%emt 0:09:23]} 16. Bxf8 {[%emt 0:00:03]} Rxf8 {[%emt 0:04:31]} 17. Bf1 {[%emt 0:00:08]} Bxf1 {[%emt 0:01:04]} 18. Kxf1 {[%emt 0:01:17]} Qa5 {[%emt 0:00:37]} 19. c4 {[%emt 0:00:26]} Rab8 {[%emt 0:07:55]} 20. a3 {[%emt 0:11:13]} dxc4 {[%emt 0:22:30]} 21. Rec1 {[%emt 0:07:13]} Qh5 {[%emt 0:14:15]} 22. Kg2 {[%emt 0:03:01]} Rb3 {[%emt 0:05:22]} 23. Qxc4 {[%emt 0:00:25]} Qf3+ {[%emt 0:00:06]} 24. Kg1 {[%emt 0:00:02]} h5 {[%emt 0:06:25]} 25. Qxc6 {[%emt 0:03:51]} h4 {[%emt 0:00:09]} 26. e5 {[%emt 0:00:03]} Qg4 {[%emt 0:05:39]} 27. d5 {[%emt 0:01:25]} hxg3 {[%emt 0:03:45]} 28. hxg3 {[%emt 0:00:14]} Qd4 {[%emt 0:10:19]} 29. Qc4 {[%emt 0:07:44]} Rxg3+ {[%emt 0:00:15]} 30. Kf1 {[%emt 0:00:02]} Qxc4+ {[%emt 0:00:08]} 31. Rxc4 {[%emt 0:00:02]} exd5 {[%emt 0:00:09]} 32. Rd4 {[%emt 0:00:04]} Rg5 {[%emt 0:00:29]} 33. Rxd5 {[%emt 0:00:17]} Re8 {[%emt 0:02:15]} 34. Re1 {[%emt 0:03:16]} Re7 {[%emt 0:01:55]} 35. Re3 {[%emt 0:01:22]} Rf5 {[%emt 0:00:50]} 36. Ra5 {[%emt 0:00:57]} Rb7 {[%emt 0:01:35]} 37. Kg2 {[%emt 0:00:47]} Kf8 {[%emt 0:01:23]} 38. Ra6 {[%emt 0:00:59]} Rb2 {[%emt 0:00:28]} 39. Rf3 {[%emt 0:00:10]} Rg5+ {[%emt 0:00:07]} 40. Rg3 {[%emt 0:00:00]} Rf5 {[%emt 0:00:00]} 41. Rf3 {[%emt 0:03:19]} Rg5+ {[%emt 0:00:13]} 42. Rg3 {[%emt 0:00:07]} Rf5 {[%emt 0:00:29]} 43. Rf3 {[%emt 0:00:06]} 1/2-1/2

[Event "EYCC Open-U16 2019"]
[Site "Bratislava"]
[Date "2019.08.03"]
[Round "2.6"]
[White "Sahidi, Samir"]
[Black "Bettalli, Francesco"]
[Result "1/2-1/2"]
[WhiteElo "2369"]
[BlackElo "2095"]
[Annotator "NA"]
[PlyCount "83"]
[EventDate "2019.08.02"]
[EventType "swiss"]
[EventCountry "SVK"]
[SourceTitle "playchess.com"]
[Source "ChessBase"]
[SourceQuality "1"]
[TimeControl "40/5400+30:1800+30"]

1. d4 {[%emt 0:00:00]} Nf6 {[%emt 0:00:00]} 2. c4 {[%emt 0:00:23]} g6 {[%emt 0:00:03]} 3. Nc3 {[%emt 0:02:07]} d5 {[%emt 0:00:07]} 4. g3 {[%emt 0:00:35]} Bg7 {[%emt 0:00:41]} 5. Bg2 {[%emt 0:00:44]} c6 {[%emt 0:00:21]} 6. cxd5 {[%emt 0:01:32]} cxd5 {[%emt 0:00:02]} 7. Nf3 {[%emt 0:01:48]} O-O {[%emt 0:00:26]} 8. O-O {[%emt 0:01:22]} Ne4 {[%emt 0:14:50]} 9. Bf4 {[%emt 0:03:30]} Nc6 {[%emt 0:02:27]} 10. h4 {[%emt 0:03:54]} Bf5 {[%emt 0:02:25]} 11. Rc1 {[%emt 0:06:59]} Rc8 {[%emt 0:01:20]} 12. Na4 {[%emt 0:18:14]} Qd7 {[%emt 0:10:55]} 13. a3 {[%emt 0:03:46]} b5 {[%emt 0:04:17]} 14. Nc3 {[%emt 0:00:49]} Na5 {[%emt 0:02:15]} 15. Ne5 {[%emt 0:03:56]} Qb7 {[%emt 0:00:15]} 16. Nxe4 {[%emt 0:05:35]} dxe4 {[%emt 0:00:29]} 17. b4 {[%emt 0:01:50]} Rxc1 {[%emt 0:03:22]} 18. Bxc1 {[%emt 0:00:37]} Nc6 {[%emt 0:00:38]} 19. Bb2 {[%emt 0:02:40]} Rd8 {[%emt 0:02:16]} 20. Nxc6 {[%emt 0:01:36]} Qxc6 {[%emt 0:00:01]} 21. Qa1 {[%emt 0:03:17]} Qd5 {[%emt 0:05:58]} 22. e3 {[%emt 0:01:47]} Rc8 {[%emt 0:01:12]} 23. Rc1 {[%emt 0:00:07]} Rc4 {[%emt 0:00:47]} 24. Bf1 {[%emt 0:01:55]} Rxc1 {[%emt 0:01:14]} 25. Qxc1 {[%emt 0:00:17]} a6 {[%emt 0:05:33]} 26. Bg2 {[%emt 0:13:32]} h5 {[%emt 0:04:57]} 27. Qc5 {[%emt 0:05:10]} Qb3 {[%emt 0:00:35]} 28. Qc3 {[%emt 0:01:01]} Qd5 {[%emt 0:00:08]} 29. Bf1 {[%emt 0:00:57]} Be6 {[%emt 0:05:23]} 30. a4 {[%emt 0:04:39]} bxa4 {[%emt 0:03:15]} 31. Bxa6 {[%emt 0:00:28]} Qb3 {[%emt 0:00:01]} 32. Qxb3 {[%emt 0:00:16]} Bxb3 {[%emt 0:00:22]} 33. Bb7 {[%emt 0:00:51]} f5 {[%emt 0:01:35]} 34. b5 {[%emt 0:00:09]} e6 {[%emt 0:00:08]} 35. b6 {[%emt 0:02:16]} Bf8 {[%emt 0:00:02]} 36. Ba6 {[%emt 0:00:37]} a3 {[%emt 0:03:15]} 37. Bc3 {[%emt 0:01:24]} a2 {[%emt 0:00:35]} 38. Kf1 {[%emt 0:00:58]} Kf7 {[%emt 0:01:23]} 39. Ke2 {[%emt 0:00:33]} Bb4 {[%emt 0:00:52]} 40. Ba1 {[%emt 0:00:00]} Ke7 {[%emt 0:00:00]} 41. b7 {[%emt 0:01:29]} Bd6 {[%emt 0:00:23]} 42. Kd2 {[%emt 0:01:06]} 1/2-1/2

[Event "EYCC Open-U16 2019"]
[Site "Bratislava"]
[Date "2019.08.03"]
[Round "2.7"]
[White "Koziorowicz, Michal"]
[Black "Globus, Or"]
[Result "0-1"]
[WhiteElo "1985"]
[BlackElo "2352"]
[Annotator "NA"]
[PlyCount "58"]
[EventDate "2019.08.02"]
[EventType "swiss"]
[EventCountry "SVK"]
[SourceTitle "playchess.com"]
[Source "ChessBase"]
[SourceQuality "1"]
[TimeControl "40/5400+30:1800+30"]

1. e4 {[%emt 0:00:00]} c5 {[%emt 0:00:00]} 2. Nf3 {[%emt 0:00:00]} d6 {[%emt 0:00:00]} 3. d4 {[%emt 0:00:00]} cxd4 {[%emt 0:00:00]} 4. Nxd4 {[%emt 0:00:00]} Nf6 {[%emt 0:00:03]} 5. Nc3 {[%emt 0:00:10]} a6 {[%emt 0:00:11]} 6. Bg5 {[%emt 0:02:43]} Nbd7 {[%emt 0:08:37]} 7. Qd2 {[%emt 0:04:38]} e5 {[%emt 0:15:01]} 8. Nf5 {[%emt 0:11:27]} h6 {[%emt 0:04:23]} 9. Be3 {[%emt 0:17:13]} Nc5 {[%emt 0:13:03]} 10. Bxc5 {[%emt 0:00:30]} Bxf5 {[%emt 0:04:58]} 11. Bxd6 {[%emt 0:10:19]} Nxe4 {[%emt 0:01:39]} 12. Nxe4 {[%emt 0:00:38]} Bxe4 {[%emt 0:00:08]} 13. Bxe5 {[%emt 0:10:05]} Qxd2+ {[%emt 0:00:05]} 14. Kxd2 {[%emt 0:00:14]} O-O-O+ {[%emt 0:05:59]} 15. Kc3 {[%emt 0:14:51]} f6 {[%emt 0:07:50]} 16. Bg3 {[%emt 0:02:21]} Rd5 {[%emt 0:05:05]} 17. b4 {[%emt 0:03:23]} Bd6 {[%emt 0:07:29]} 18. Bc4 {[%emt 0:01:53]} Bxg3 {[%emt 0:00:19]} 19. hxg3 {[%emt 0:00:56]} Rd6 {[%emt 0:00:09]} 20. f3 {[%emt 0:02:53]} Rc6 {[%emt 0:04:29]} 21. Rh4 {[%emt 0:01:23]} Bf5 {[%emt 0:01:33]} 22. a4 {[%emt 0:02:00]} Kb8 {[%emt 0:07:03]} 23. b5 {[%emt 0:00:24]} Rc7 {[%emt 0:01:04]} 24. bxa6 {[%emt 0:01:31]} bxa6 {[%emt 0:00:25]} 25. Rb1+ {[%emt 0:00:56]} Ka7 {[%emt 0:00:04]} 26. Kd2 {[%emt 0:01:17]} Rd8+ {[%emt 0:02:01]} 27. Bd3 {[%emt 0:00:20]} Rxc2+ {[%emt 0:00:30]} 28. Kxc2 {[%emt 0:00:16]} Bxd3+ {[%emt 0:00:02]} 29. Kc1 {[%emt 0:00:12]} Rc8+ {[%emt 0:00:11]} 0-1

[Event "EYCC Open-U16 2019"]
[Site "Bratislava"]
[Date "2019.08.03"]
[Round "2.8"]
[White "Kochavi, Ori"]
[Black "Pogosyan, Stefan"]
[Result "0-1"]
[WhiteElo "2153"]
[BlackElo "2334"]
[Annotator "NA"]
[PlyCount "88"]
[EventDate "2019.08.02"]
[EventType "swiss"]
[EventCountry "SVK"]
[SourceTitle "playchess.com"]
[Source "ChessBase"]
[SourceQuality "1"]
[TimeControl "40/5400+30:1800+30"]

1. e4 {[%emt 0:00:00]} e5 {[%emt 0:00:00]} 2. Nf3 {[%emt 0:00:00]} Nc6 {[%emt 0:00:00]} 3. Bb5 {[%emt 0:00:00]} a6 {[%emt 0:00:00]} 4. Ba4 {[%emt 0:00:00]} Nf6 {[%emt 0:00:08]} 5. O-O {[%emt 0:00:00]} b5 {[%emt 0:00:07]} 6. Bb3 {[%emt 0:00:00]} Bc5 {[%emt 0:00:08]} 7. c3 {[%emt 0:00:25]} d6 {[%emt 0:00:10]} 8. a4 {[%emt 0:00:04]} Rb8 {[%emt 0:00:24]} 9. d4 {[%emt 0:00:00]} Bb6 {[%emt 0:13:52]} 10. a5 {[%emt 0:00:11]} Ba7 {[%emt 0:05:46]} 11. h3 {[%emt 0:12:20]} O-O {[%emt 0:10:53]} 12. Re1 {[%emt 0:08:41]} Qe7 {[%emt 0:04:33]} 13. Be3 {[%emt 0:07:31]} Re8 {[%emt 0:06:43]} 14. Ng5 Nd8 15. dxe5 {[%emt 0:03:16]} Bxe3 {[%emt 0:03:51]} 16. exf6 {[%emt 0:03:04]} Qxf6 {[%emt 0:00:09]} 17. Rxe3 {[%emt 0:00:12]} Qxg5 {[%emt 0:00:06]} 18. Rg3 {[%emt 0:01:06]} Qf6 {[%emt 0:02:15]} 19. Nd2 {[%emt 0:00:30]} Be6 {[%emt 0:03:11]} 20. Bc2 {[%emt 0:03:34]} Nc6 {[%emt 0:01:49]} 21. Qe2 {[%emt 0:20:33]} Ne5 {[%emt 0:12:04]} 22. Qe3 {[%emt 0:00:09]} Rb7 {[%emt 0:02:40]} 23. f4 {[%emt 0:07:47]} Nc4 {[%emt 0:00:21]} 24. Nxc4 {[%emt 0:00:05]} bxc4 {[%emt 0:00:07]} 25. e5 {[%emt 0:18:25]} dxe5 {[%emt 0:03:38]} 26. Bxh7+ {[%emt 0:00:05]} Kxh7 {[%emt 0:00:34]} 27. Qe4+ {[%emt 0:00:04]} Bf5 {[%emt 0:00:14]} 28. Qxb7 {[%emt 0:00:27]} exf4 {[%emt 0:00:06]} 29. Rg4 {[%emt 0:01:00]} Bxg4 {[%emt 0:00:24]} 30. hxg4 {[%emt 0:00:03]} Qd6 {[%emt 0:05:20]} 31. Qf3 {[%emt 0:01:05]} Re3 {[%emt 0:01:33]} 32. Qf2 {[%emt 0:00:05]} Rg3 {[%emt 0:03:07]} 33. Qc2+ {[%emt 0:02:00]} g6 {[%emt 0:02:55]} 34. Rd1 {[%emt 0:00:04]} Qe5 {[%emt 0:01:09]} 35. Rf1 {[%emt 0:04:16]} Rxg4 {[%emt 0:01:01]} 36. Qd1 {[%emt 0:00:42]} Rg3 {[%emt 0:02:23]} 37. Qd7 {[%emt 0:00:10]} Kg7 {[%emt 0:01:27]} 38. Qd4 {[%emt 0:00:07]} Qxd4+ {[%emt 0:00:38]} 39. cxd4 {[%emt 0:00:05]} f3 40. Rxf3 {[%emt 0:00:00]} Rxf3 {[%emt 0:00:00]} 41. gxf3 {[%emt 0:00:12]} Kf6 {[%emt 0:00:27]} 42. Kf2 {[%emt 0:00:20]} Ke6 {[%emt 0:00:08]} 43. Ke3 {[%emt 0:00:21]} Kd5 {[%emt 0:00:04]} 44. f4 {[%emt 0:00:08]} f6 {[%emt 0:00:17]} 0-1

[Event "EYCC Open-U16 2019"]
[Site "Bratislava"]
[Date "2019.08.03"]
[Round "2.9"]
[White "Suvorov, Alexander"]
[Black "Marn, Jan"]
[Result "1/2-1/2"]
[WhiteElo "2333"]
[BlackElo "2215"]
[Annotator "NA"]
[PlyCount "88"]
[EventDate "2019.08.02"]
[EventType "swiss"]
[EventCountry "SVK"]
[SourceTitle "playchess.com"]
[Source "ChessBase"]
[SourceQuality "1"]
[TimeControl "40/5400+30:1800+30"]

1. d4 {[%emt 0:00:00]} d5 {[%emt 0:00:00]} 2. c4 {[%emt 0:00:01]} e6 {[%emt 0:00:00]} 3. Nc3 {[%emt 0:00:15]} c6 {[%emt 0:00:00]} 4. e4 {[%emt 0:00:26]} dxe4 {[%emt 0:00:08]} 5. Nxe4 {[%emt 0:00:07]} c5 {[%emt 0:00:10]} 6. dxc5 {[%emt 0:06:24]} Qxd1+ {[%emt 0:01:24]} 7. Kxd1 {[%emt 0:00:01]} Nf6 {[%emt 0:00:33]} 8. Nd6+ {[%emt 0:04:53]} Bxd6 {[%emt 0:00:11]} 9. cxd6 {[%emt 0:00:02]} Ne4 {[%emt 0:00:17]} 10. Be3 {[%emt 0:02:15]} Nxd6 {[%emt 0:00:17]} 11. Nf3 {[%emt 0:02:02]} Nc6 {[%emt 0:04:58]} 12. c5 {[%emt 0:01:48]} Nf5 {[%emt 0:00:12]} 13. Bd3 {[%emt 0:03:21]} e5 {[%emt 0:10:44]} 14. Ke2 {[%emt 0:08:42]} Nxe3 {[%emt 0:10:00]} 15. fxe3 {[%emt 0:04:29]} Bg4 {[%emt 0:01:58]} 16. h3 Bxf3+ {[%emt 0:00:44]} 17. gxf3 {[%emt 0:06:21]} Ke7 {[%emt 0:03:25]} 18. a3 {[%emt 0:07:06]} g6 {[%emt 0:01:26]} 19. b4 {[%emt 0:01:31]} a6 {[%emt 0:01:19]} 20. h4 {[%emt 0:01:22]} f5 {[%emt 0:03:51]} 21. h5 {[%emt 0:10:50]} Kf6 {[%emt 0:00:10]} 22. hxg6 {[%emt 0:12:37]} hxg6 {[%emt 0:05:00]} 23. Bc4 {[%emt 0:00:18]} f4 {[%emt 0:14:44]} 24. Rad1 {[%emt 0:01:54]} Rxh1 {[%emt 0:12:25]} 25. Rxh1 {[%emt 0:00:02]} fxe3 {[%emt 0:02:17]} 26. Kxe3 {[%emt 0:01:28]} Kg7 {[%emt 0:01:05]} 27. Rd1 {[%emt 0:03:00]} Nd4 {[%emt 0:00:38]} 28. Bd5 {[%emt 0:01:47]} Rb8 {[%emt 0:12:00]} 29. Be4 {[%emt 0:00:49]} Kf6 {[%emt 0:02:20]} 30. a4 {[%emt 0:02:00]} b6 {[%emt 0:09:05]} 31. c6 {[%emt 0:07:22]} Rc8 {[%emt 0:00:45]} 32. Rg1 {[%emt 0:00:52]} Nf5+ {[%emt 0:01:13]} 33. Kd3 {[%emt 0:05:10]} b5 {[%emt 0:00:19]} 34. axb5 {[%emt 0:00:53]} axb5 {[%emt 0:00:04]} 35. Ra1 {[%emt 0:00:45]} Ke6 {[%emt 0:01:57]} 36. Ra6 {[%emt 0:01:16]} Nd4 {[%emt 0:01:23]} 37. f4 {[%emt 0:01:32]} Rc7 {[%emt 0:00:50]} 38. Rb6 {[%emt 0:01:24]} Kd6 {[%emt 0:00:23]} 39. fxe5+ {[%emt 0:00:21]} Kxe5 {[%emt 0:00:31]} 40. Rb7 {[%emt 0:00:00]} Rc8 {[%emt 0:00:00]} 41. Re7+ {[%emt 0:15:56]} Ne6 {[%emt 0:05:22]} 42. Rb7 {[%emt 0:01:43]} Nc7 {[%emt 0:01:40]} 43. Bxg6 {[%emt 0:00:58]} Kd6 {[%emt 0:00:12]} 44. Be4 {[%emt 0:01:27]} Ra8 {[%emt 0:01:26]} 1/2-1/2